Practice Manual : SMM6 (Record no. 88707)
[ view plain ]
| 000 -LEADER | |
|---|---|
| fixed length control field | 00487cam a2200193 4500 |
| 001 - CONTROL NUMBER | |
| control field | D15807 |
| 008 - FIXED-LENGTH DATA ELEMENTS--GENERAL INFORMATION | |
| fixed length control field | 090401t1978 xxu||||| |||| 00| 0 eng d |
| 035 ## - SYSTEM CONTROL NUMBER | |
| System control number | (Sirsi) u25281 |
| 041 ## - LANGUAGE CODE | |
| Language code of text/sound track or separate title | eng |
| 050 ## - LIBRARY OF CONGRESS CALL NUMBER | |
| Classification number | 692.5 |
| 110 ## - MAIN ENTRY--CORPORATE NAME | |
| Corporate name or jurisdiction name as entry element | Royal Institution of Chartered Surveyors |
| 9 (RLIN) | 4900 |
| 245 ## - TITLE STATEMENT | |
| Title | Practice Manual : SMM6 |
| 260 ## - PUBLICATION, DISTRIBUTION, ETC. | |
| Name of publisher, distributor, etc. | RICS/NFBTE |
| Date of publication, distribution, etc. | 1978 |
| 300 ## - PHYSICAL DESCRIPTION | |
| Extent | 38p |
| 350 ## - PRICE (NR) (BK AM CF MU VM SE) [OBSOLETE] | |
| Price | 1.6 |
| 520 ## - SUMMARY, ETC. | |
| Summary, etc. | Filed in box 1978/27 A; Filed in SMM box 1978/2 BC |
| 942 ## - ADDED ENTRY ELEMENTS (KOHA) | |
| Suppress in OPAC | 0 |
| 948 ## - LOCAL PROCESSING INFORMATION (OCLC); SERIES PART DESIGNATOR (RLIN) | |
| c (OCLC) | 04/03/1997 |
| Withdrawn status | Lost status | Source of classification or shelving scheme | Damaged status | Not for loan | Home library | Current library | Shelving location | Date acquired | Cost, normal purchase price | Total Checkouts | Full call number | Barcode | Date last seen | Copy number | Cost, replacement price | Price effective from | Koha item type |
|---|---|---|---|---|---|---|---|---|---|---|---|---|---|---|---|---|---|
| Other/Generic Classification Scheme | London | London | Gallery | 22/08/1991 | 1.60 | SMM 1978/2 | 30026144 | 06/08/2019 | 1 | 1.60 | 06/08/2019 | Reference material | |||||
| Other/Generic Classification Scheme | London | London | Basement | 14/09/1999 | 1.60 | SMM 1978/2 | 30032259 | 06/08/2019 | 2 | 1.60 | 06/08/2019 | Reference material | |||||
| Other/Generic Classification Scheme | London | London | Boxed set | 15/01/1992 | 1.60 | SMM 1978/2 | 30032275 | 06/08/2019 | 3 | 1.60 | 06/08/2019 | Book |